000
00343 a2200157 4500
001
46474
020
_a
9788588159990
040
_c
Anchieta - Aquarius
100
_a
Atzingen, Maria Cristina Von
240
1
0
_a
A menina feia
_l
por
245
1
0
_a
A menina feia
300
_a
362
0
_a
2008
650
4
_a
Literatura infantil
942
_c
BK
999
_c
46474
_d
46474